00441 a2200157 450000100060000004000240000610000250003024000290005524500240008430000070010836200090011565000310012494200070015595201040016299900170026647960 cAnchieta - Aquarius aHeck, Lenira Almeida10aO peixinho e o gatolpor10aO peixinho e o gato a220 a2005 4aLiteratura infanto-juvenil cBK 00104070a87.1b87.1d2023-11-21l0o028.5 HEC PEIp7067/AQUr2023-11-21 15:14:53w2023-11-21yBK c47960d47960